U.S. States by Finnish American population - Statistics

General Stats
  • This quiz has been taken 36 times
  • The average score is 8 of 10
Answer Stats
Population State % Correct
18 131 New York
100%
48 518 California
91%
94 259 Michigan
88%
100 545 Minnesota
84%
20 578 Texas
84%
29 337 Florida
78%
53 599 Washington
72%
39 698 Wisconsin
72%
23 510 Oregon
69%
22 556 Massachusetts
53%
No matching quizzes found
Score Distribution
Percent of People with Each Score
Percentile by Number Answered
Your Score History
You have not taken this quiz